| 000 | 00693nam a22002297a 4500 | ||
|---|---|---|---|
| 005 | 20170124110101.0 | ||
| 010 | _a480167 | ||
| 020 | _c00.00 | ||
| 035 | _a480167 | ||
| 037 | _bCen Lib/Ret | ||
| 040 |
_aDPL _bEN |
||
| 082 |
_a921 _bAND |
||
| 100 |
_aAndrews, Robert Hardy _927122 |
||
| 245 |
_aA lamp for India: _cby Robert Hardy Andrews _bthe story of Madame Pandit / |
||
| 260 |
_aLondon _bArthur Barker _c1967 |
||
| 270 |
_bLondon _a5 Winsley Street |
||
| 300 |
_a406p. _c20cm(Hb) |
||
| 500 | _aIncludes bibliographical references and index | ||
| 650 |
_aPandit, Vijaya Lakshmi, -- 1900-1990 _927123 |
||
| 650 |
_aBiography _97490 |
||
| 942 |
_2ddc _cEN _h921 _mAND |
||
| 999 |
_c129685 _d129685 |
||